|
|
|
|
| LEADER |
00000ny a22000003n 4500 |
| 005 |
20110623172912.0 |
| 008 |
100928s2010 sp | s | 000 0 spa d |
| 035 |
|
|
|a 5017
|
| 040 |
|
|
|a BUS
|d vlex
|
| 040 |
|
|
|d vlex
|
| 080 |
|
|
|a 347.918(460)(083.2)
|
| 090 |
|
|
|c 1088
|d 1088
|
| 100 |
1 |
|
|a Vz̀quez Barros, Sergio
|
| 245 |
1 |
0 |
|a Formularios civiles sobre Arbitraje, con arreglo a Ley 60-2003, de 23 de diciembre y posteriores modificaciones
|h [Recurso electrn̤ico]
|c Sergio Vz̀quez Barros
|
| 256 |
|
|
|a Servicio en ln̕ea
|
| 260 |
|
|
|a [Barcelona] :
|b VLex,
|c 2010
|
| 300 |
|
|
|a p. ;
|c cm
|
| 650 |
0 |
4 |
|a Arbitraje (Derecho)
|z Espaą
|x Formularios
|
| 740 |
0 |
|
|a vLex Libros (Servicios en ln̕ea)
|
| 856 |
4 |
0 |
|z Acceso restringido
|u http://vlex.com/source/formularios-arbitraje-5017
|
| 942 |
|
|
|c BOOK
|
| 999 |
|
4 |
|a Arbitratge
|z Espanya.
|
| 999 |
|
4 |
|a Llibres electrṇics.
|